00798 2200289 4500001002100000005001700021008004100038020002200079020001800101035002400119040001200143082001200155090002200167100001800189245009100207250001100298260003000309300001900339650001700358700002000375850001200395990002200407990002000429990002000449990002000469990001900489YOGYA-0611000000095520110623073035.0 ind  a978-602-955-578-3 a979-963-988-3 0010-061100000000955 aYOPDYOG a294.592 aKS 294.592bRad B aRADHAKRISHNAN aBhagawadgitacS. Radhakishnan ; Penerjemah, Yudhi Murtanto; editor, Abdul Aziz Sukarno aCet. 1 aYogyakartabIRCISODc2009 a460 hlmc24 cm aBhagavadgita aMurtanto, Yudhi aYOPDYOG aCB D 11 2009-1387 a1972-KS/B.10b1 a1971-KS/B.10b1 a2599-KS/B.10b1 a2600KS/B.10b1